<?xml version="1.0" encoding="UTF-8"?>
<record
    xmlns:xsi="http://www.w3.org/2001/XMLSchema-instance"
    xsi:schemaLocation="http://www.loc.gov/MARC21/slim http://www.loc.gov/standards/marcxml/schema/MARC21slim.xsd"
    xmlns="http://www.loc.gov/MARC21/slim">

  <leader>01757nam a22002537a 4500</leader>
  <controlfield tag="003">0</controlfield>
  <controlfield tag="005">20241009155619.0</controlfield>
  <controlfield tag="008">241009b        xxu||||| |||| 00| 0 eng d</controlfield>
  <datafield tag="020" ind1=" " ind2=" ">
    <subfield code="a">9780062995865</subfield>
  </datafield>
  <datafield tag="050" ind1=" " ind2=" ">
    <subfield code="a">PZ 7</subfield>
    <subfield code="b">.L529 2021</subfield>
  </datafield>
  <datafield tag="100" ind1=" " ind2=" ">
    <subfield code="a">Leimbach, Marti,</subfield>
    <subfield code="e">author.</subfield>
  </datafield>
  <datafield tag="245" ind1=" " ind2=" ">
    <subfield code="a">Dragonfly girl /</subfield>
    <subfield code="c">Marti Leimbach.</subfield>
  </datafield>
  <datafield tag="250" ind1=" " ind2=" ">
    <subfield code="a">1st ed.</subfield>
  </datafield>
  <datafield tag="260" ind1=" " ind2=" ">
    <subfield code="a">New York, NY :</subfield>
    <subfield code="b">Katherine Tegen Books, an imprint of HarperCollins Publishers,</subfield>
    <subfield code="c">2021.</subfield>
  </datafield>
  <datafield tag="300" ind1=" " ind2=" ">
    <subfield code="a">373 p. :</subfield>
    <subfield code="b">ill. ;</subfield>
    <subfield code="c">22 cm.</subfield>
  </datafield>
  <datafield tag="520" ind1=" " ind2=" ">
    <subfield code="a">Kira Adams has discovered a cure for death--and it may just cost her life. Things aren't going well for Kira. At home, she cares for her mother and fends off debt collectors. At school, she's awkward and shy. Plus, she may flunk out if she doesn't stop obsessing about science, her passion and the one thing she's good at... very good at. When she wins a prestigious science contest she draws the attention of the celebrated professor Dr. Gregory Munn (as well as his handsome assistant), leading to a part-time job in a top-secret laboratory. The job is mostly cleaning floors and equipment, but one night, while running her own experiment, she revives a lab rat that has died in her care. One minute it is dead, the next it is not. Suddenly she's the remarkable wunderkind, the girl who can bring back the dead. Everything is going her way. But it turns out that science can be a dangerous business, and Kira is swept up into a world of international rivalry with dark forces that threaten her life.</subfield>
  </datafield>
  <datafield tag="650" ind1=" " ind2=" ">
    <subfield code="a">Teenage girls</subfield>
    <subfield code="v">Fiction.</subfield>
  </datafield>
  <datafield tag="650" ind1=" " ind2=" ">
    <subfield code="a">High schools</subfield>
    <subfield code="v">Fiction.</subfield>
  </datafield>
  <datafield tag="650" ind1=" " ind2=" ">
    <subfield code="a">Science</subfield>
    <subfield code="v">Experiments</subfield>
    <subfield code="x">Fiction.</subfield>
  </datafield>
  <datafield tag="650" ind1=" " ind2=" ">
    <subfield code="a">Immortalism</subfield>
    <subfield code="v">Fiction.</subfield>
  </datafield>
  <datafield tag="650" ind1=" " ind2=" ">
    <subfield code="a">Young adult fiction.</subfield>
  </datafield>
  <datafield tag="650" ind1=" " ind2=" ">
    <subfield code="a">Resurrection</subfield>
    <subfield code="v">Fiction.</subfield>
  </datafield>
  <datafield tag="942" ind1=" " ind2=" ">
    <subfield code="2">lcc</subfield>
    <subfield code="c">BK</subfield>
  </datafield>
  <datafield tag="999" ind1=" " ind2=" ">
    <subfield code="c">366477</subfield>
    <subfield code="d">366477</subfield>
  </datafield>
  <datafield tag="952" ind1=" " ind2=" ">
    <subfield code="0">0</subfield>
    <subfield code="1">0</subfield>
    <subfield code="2">lcc</subfield>
    <subfield code="4">0</subfield>
    <subfield code="a">LUX</subfield>
    <subfield code="b">LUX</subfield>
    <subfield code="c">FIC</subfield>
    <subfield code="d">2024-10-09</subfield>
    <subfield code="e">Library Fund</subfield>
    <subfield code="k">FIC</subfield>
    <subfield code="l">0</subfield>
    <subfield code="o">PZ 7 .L529 2021</subfield>
    <subfield code="p">21261</subfield>
    <subfield code="r">2024-10-09 00:00:00</subfield>
    <subfield code="w">2024-10-09</subfield>
    <subfield code="y">BK</subfield>
  </datafield>
</record>
